000 01206nam0a2200325 4500
001 RU\NLR\bibl\97952
005 20250617082515.0
010 _a5-900241-26-2
_91000
021 _aRU
_b2000-9150
_9459
035 _a(NLR Aleph) 000095755
090 _a538843
_c538843
100 _a20000714d1999 |||y0rusy50 ca
101 0 _arus
102 _aRU
105 _ay |||||||||
200 1 _aКультурные практики в идеологической перспективе
_eРоссия, ХVIII - нач. ХХ века
_e[Сб.]
_fСост. Н.Н. Мазур
210 _aМ.
_aВенеция
_cО.Г.И.
_d1999
215 _a278,[1] с.
_d24
225 1 _aРоссия
_dRussia
_fПод ред. Н. Охотина
_vВып. 3[11]
320 _aБиблиогр. в конце ст. и в подстроч. прим.
607 _aРоссия
_jСборники
_xКультура
_z18 - 20 вв.
_92175524
_3RU\NLR\auth\661308447
686 _aТ3(2)464-7я43
686 _aТ3(2)5-7я43
702 1 _aМазур
_bН. Н.
_4220
801 0 _aRU
_bNLR
_c20000714
_gPSBO
801 1 _aRU
_bNLR
_c20000714
852 _aNLR
_j2000-7/1023
942 _cBOOK
980 _aNB